Statistics for テルアビブ・ヤフォの友好(姉妹)都市

Click here to take the quiz!

General Stats

  • This quiz has been taken 4 times
  • The average score is 6 of 24

Answer Stats

Answer% Correct
ニューヨーク
100%
フランクフルト
75%
モスクワ
75%
ペキン
50%
ワルシャワ
50%
ガザ
25%
バルセロナ
25%
ウィーン
25%
ミラノ
25%
ベオグラード
25%
ウッチ
25%
ブエノスアイレス
25%
アルマトイ
25%
ソフィア
25%
イズミル
25%
ケルン
25%
カンヌ
0%
トゥールーズ
0%
ブダペスト
0%
エッセン
0%
テッサロニキ
0%
ボン
0%
キシナウ
0%
フィラデルフィア
0%

Score Distribution

Percentile by Number Answered

Percent of People with Each Score

Your Score History

You have not taken this quiz